Cyber security (Record no. 241028)

MARC details
000 -LEADER
fixed length control field 01596nam a22002537a 4500
005 - DATE AND TIME OF LATEST TRANSACTION
control field 20260316151920.0
008 - FIXED-LENGTH DATA ELEMENTS--GENERAL INFORMATION
fixed length control field 260316b |||||||| |||| 00| 0 eng d
020 ## - INTERNATIONAL STANDARD BOOK NUMBER
International Standard Book Number 9788126521791
040 ## - CATALOGING SOURCE
Transcribing agency AL
041 ## - LANGUAGE CODE
Language code of text/sound track or separate title eng
082 ## - DEWEY DECIMAL CLASSIFICATION NUMBER
Classification number 005.82
Item number GODC
100 ## - MAIN ENTRY--PERSONAL NAME
Personal name Nina Godbole
100 ## - MAIN ENTRY--PERSONAL NAME
9 (RLIN) 258778
245 ## - TITLE STATEMENT
Title Cyber security
260 ## - PUBLICATION, DISTRIBUTION, ETC.
Place of publication, distribution, etc. New Delhi
Name of publisher, distributor, etc. Wiley
Date of publication, distribution, etc. 2024
300 ## - PHYSICAL DESCRIPTION
Extent xiv,588p
Other physical details PB
Dimensions 24x18cm
365 ## - TRADE PRICE
Source of price type code Information Science and Engineering
Price type code VBI-2645
Price amount ₹809.25
Currency code
Unit of pricing ₹1079.00
Price note 25%
Price effective from 20-02-2026
520 ## - SUMMARY, ETC.
Summary, etc. · This book, focusing on cyberthreats and cybersecurity, provides the much needed awareness in the times of growing cybercrime episodes. · Comprehensive treatment of important topic - cybersecurity to help readers understand the implications of cybercrime. · The book provides adequate orientation on laws in reference to cybercrime and cybersecurity taking into account the Indian as well as global scenario. · Awareness created through simple practical tips and tricks, educates readers to learn how to avoid becoming victims of cybercrime. · Written by InfoSec domain SME and co-authored by qualified ethical hacking professional who is also a security certified. · Well-presented case illustrations and examples from real life to underline the significance of topics addressed in each chapter.
650 ## - SUBJECT ADDED ENTRY--TOPICAL TERM
Topical term or geographic name entry element Cybercrime
9 (RLIN) 258779
650 ## - SUBJECT ADDED ENTRY--TOPICAL TERM
Topical term or geographic name entry element Mobile and Wireless Devices
9 (RLIN) 258780
650 ## - SUBJECT ADDED ENTRY--TOPICAL TERM
Topical term or geographic name entry element Computer Forensics
9 (RLIN) 258781
650 ## - SUBJECT ADDED ENTRY--TOPICAL TERM
Topical term or geographic name entry element Understanding cyber crimes computer Forensics and legal Perspectives
9 (RLIN) 258782
700 ## - ADDED ENTRY--PERSONAL NAME
Personal name Belapure, Sunit
9 (RLIN) 258783
942 ## - ADDED ENTRY ELEMENTS (KOHA)
Source of classification or shelving scheme Dewey Decimal Classification
Koha item type Book
Holdings
Withdrawn status Lost status Source of classification or shelving scheme Damaged status Not for loan Collection code Home library Current library Date acquired Source of acquisition Cost, normal purchase price Total Checkouts Full call number Barcode Date last seen Cost, replacement price Price effective from Koha item type
    Dewey Decimal Classification     Information Science and Engineering St Aloysius Engineering Library St Aloysius Engineering Library 02/20/2026 Vidyathri Books, Bengaluru-560076 809.25   005.82 GODC SE000336 03/16/2026 1079.00 02/20/2026 Book